Sociálno-patologické javy v prostredí Ozbrojených síl Slovenskej republiky

Podrobná bibliografia
Hlavný autor: Koháryová, Oľga (Autor)
Médium: Článok
Jazyk:slovenčina
ISBN:9788097032272
Predmet:
On-line prístup:http://www.personal.mil.sk/22673/vojenska-osveta-1/2012.php?pg=1

MARC

LEADER 00000nab a2200000 a 4500
001 vtls010425248
003 SK-MaSNL
005 20260423095051.0
008 140429|2012 xo | | 000 b slo
015 |a SNBRB2012/05  |2 lmaosk 
040 |a LMAOSK  |b slo  |c LMAOSK  |e AACR2 
041 0 |a slo 
044 |a xo  |c SK 
080 |a 355/359 : 343.572  |2 1981 
100 1 |a Koháryová, Oľga  |4 aut  |9 1104184 
245 1 0 |a Sociálno-patologické javy v prostredí Ozbrojených síl Slovenskej republiky  |c Oľga Koháryová 
500 |a Obsahuje témy na vedenie záverečnej diskusie 
504 |a Bibliogr. odkazy 
610 1 7 |a Slovensko.  |b Ozbrojené sily  |2 SNKPH  |9 88133 
650 0 7 |a profesionálni vojaci  |2 lmaosk  |9 57087 
650 0 7 |a alkoholizmus  |2 lmaosk  |9 14184 
650 0 7 |a závislosť od internetu  |2 lmaosk  |9 1258913 
650 0 7 |a internetová závislosť  |2 SNKPH  |9 140928 
650 0 7 |a patologické závislosti  |2 SNKPH  |9 67667 
650 0 7 |a gamblerstvo  |2 lmaosk  |9 24954 
773 0 |t Vojenská osveta 1/2012  |d Liptovský Mikuláš : Oddelenie metodiky výchovy a kultúry OS SR, 2012  |g S. 44-68  |z 9788097032272 
852 |a LMAOSK  |b KIS3GCP 
856 4 1 |u http://www.personal.mil.sk/22673/vojenska-osveta-1/2012.php?pg=1 
958 |a SR 
999 |c 3080903  |d 3082833